| 000 | 00824cab a2200229 4500 | ||
|---|---|---|---|
| 001 | WB3501-44 | ||
| 008 | 090401t1998 xxu||||| |||| 00| 0 eng d | ||
| 035 | _a(Sirsi) u90440 | ||
| 041 | _aeng | ||
| 245 | _a`Fair rent` tenants | ||
| 260 | _c1998 | ||
| 350 | _a0 | ||
| 490 |
_aDETR News Release _v(1101) 17 December 1998 (3) |
||
| 520 | _aThe Housing Minister has announced new limits to fair rents by making an Order under the Landlord and Tenant Act 1985 s31. The measure will help fair rent tenants hit by very high rent increases following recent court cases - "the Spath Holme" and "Curtis" decisions. | ||
| 650 | _aASSESSMENTS | ||
| 650 | _aFAIR RENTS | ||
| 650 | _aLANDLORD AND TENANT ACT 1985 | ||
| 650 | _aRENT INCREASES | ||
| 690 | _aPROPERTY-LANDLORD AND TENANT | ||
| 942 | _n0 | ||
| 948 | _c22/12/1998 | ||
| 999 |
_c57343 _d57343 |
||